| 000 | 00911cam a2200253 4500 | ||
|---|---|---|---|
| 001 | 6063 | ||
| 003 | OCoLC | ||
| 005 | 20181127180819.0 | ||
| 010 | _a2007008679 | ||
| 020 | _a9781594483851 | ||
| 100 | 1 | _aHosseini, Khaled. | |
| 245 | 1 | 2 |
_aA thousand splendid suns / _cKhaled Hosseini. |
| 246 | 3 | 1 | _a1000 splendid suns |
| 260 |
_aNew York : _bRiverhead Books, _c2007. |
||
| 300 |
_a372 p. ; _c24 cm. |
||
| 520 | _aMariam and Laila are born a generation apart but are are brought together by war and fate. Together they endure the dangers surrounding them and discover the power of both love and sacrifice. | ||
| 650 | 0 |
_aArranged marriage _vFiction. |
|
| 650 | 0 |
_aFamilies _zAfghanistan _vFiction. |
|
| 650 | 0 |
_aSelf-sacrifice _vFiction. |
|
| 650 | 0 |
_aWar _zAfghanistan _vFiction. |
|
| 651 | 0 |
_aAfghanistan _vFiction. |
|
| 651 | 0 |
_aAfghanistan _xSocial conditions _vFiction. |
|
| 999 |
_c5119 _d5119 |
||